MAHABHARATA (Record no. 26872)

MARC details
000 -LEADER
fixed length control field 00338nam a2200145Ia 4500
008 - FIXED-LENGTH DATA ELEMENTS--GENERAL INFORMATION
fixed length control field 240624s9999 xx 000 0 und d
041 ## - LANGUAGE CODE
Language code of text/sound track or separate title eng
082 ## - DEWEY DECIMAL CLASSIFICATION NUMBER
Classification number 200 DEB
100 ## - MAIN ENTRY--PERSONAL NAME
Personal name DEBROY BIBEK
245 ## - TITLE STATEMENT
Title MAHABHARATA
260 ## - PUBLICATION, DISTRIBUTION, ETC.
Date of publication, distribution, etc. 2015
Place of publication, distribution, etc. New Delhi
Name of publisher, distributor, etc. Penguin
300 ## - PHYSICAL DESCRIPTION
Extent xxxviii, : 495 : p. : cm. ; 21
365 ## - TRADE PRICE
Currency code RS
Price amount 30
440 ## - SERIES STATEMENT/ADDED ENTRY--TITLE
Volume/sequential designation 1
Holdings
Withdrawn status Lost status Damaged status Not for loan Home library Current library Shelving location Date acquired Source of acquisition Cost, normal purchase price Total Checkouts Full call number Barcode Date last seen Date last checked out Copy number Price effective from Koha item type
        IMTN IMTN Rack 4-A 03/02/2016 VBC 4990.00 2 200 DEB 26872 10/17/2025 10/08/2025 1 06/24/2024 Books
Designed & Maintained by: LRC IMT Nagpur Contact: lrc@imtnag.ac.in© 2024. All Rights Reserved.